00362nam a2200133Ia 4500008004100000040004400041100001800085245006300103250001200166260000900178300001000187700001800197999001300215180412s9999||||xx |||||||||||||| ||und|| aAhmadu Bello University Library - Zaria aHAINES, R. W. 0aHandbook of human embryology.cR. W. Haines, A. Mohiuddin. a\\a5th c1972 a252p. aMOHIUDDIN, A. c789d789